Textbook of Oral & Maxillofacial Surgery (Record no. 22724)
[ view plain ]
| 000 -LEADER | |
|---|---|
| fixed length control field | 00458nam a22001697a 4500 |
| 003 - CONTROL NUMBER IDENTIFIER | |
| control field | SGT |
| 020 ## - INTERNATIONAL STANDARD BOOK NUMBER | |
| International Standard Book Number | 9788131248744 |
| 082 ## - DEWEY DECIMAL CLASSIFICATION NUMBER | |
| Classification number | 617.522 |
| Item number | O18B |
| 100 ## - MAIN ENTRY--PERSONAL NAME | |
| Personal name | Balaji, S. M. |
| 245 ## - TITLE STATEMENT | |
| Title | Textbook of Oral & Maxillofacial Surgery |
| 250 ## - EDITION STATEMENT | |
| Edition statement | 3rd |
| 260 ## - PUBLICATION, DISTRIBUTION, ETC. (IMPRINT) | |
| Place of publication, distribution, etc | Karnataka, India |
| Name of publisher, distributor, etc | EMMESS Medical Publishers |
| Year of Publication | 2018 |
| 300 ## - PAGE DESCRIPTION | |
| No. of Pages | 1204 |
| 650 ## - SUBJECT ADDED ENTRY--TOPICAL TERM | |
| Topical term or geographic name as entry element | Oral Surgery; Maxillofacial Surgery |
| 653 ## - KEYWORDS--INDEX TERM | |
| Keyword term | Oral Surgery; Maxillofacial Surgery |
| 942 ## - ADDED ENTRY ELEMENTS (KOHA) | |
| Source of classification or shelving scheme | Dewey Decimal Classification |
| Koha item type | Books |
| 942 ## - ADDED ENTRY ELEMENTS (KOHA) | |
| -- | 72 |
| Withdrawn status | Lost status | Source of classification or shelving scheme | Damaged status | Not for loan | Home library | Current library | Date acquired | Vendor Name | Cost, normal purchase price | SGTU | Bill Number | Total Checkouts | Full call number | Accession No. (Barcode) | Date last seen | Date last borrowed | Bill Date | Koha item type |
|---|---|---|---|---|---|---|---|---|---|---|---|---|---|---|---|---|---|---|
| Dewey Decimal Classification | SGT Dental Library | SGT Dental Library | 18/05/2022 | Ahuja Book Co. Pvt. Ltd. | 1550.00 | SGTU | 14353 | 9 | 617.522 O18B | FD8696 | 28/10/2024 | 06/08/2024 | 16/04/2022 | Books | ||||
| Dewey Decimal Classification | SGT Dental Library | SGT Dental Library | 18/05/2022 | Ahuja Book Co. Pvt. Ltd. | 1550.00 | SGTU | 14353 | 20 | 617.522 O18B | FD8697 | 10/12/2025 | 22/11/2025 | 16/04/2022 | Books | ||||
| Dewey Decimal Classification | SGT Dental Library | SGT Dental Library | 18/05/2022 | Ahuja Book Co. Pvt. Ltd. | 1550.00 | SGTU | 14353 | 14 | 617.522 O18B | FD8698 | 29/08/2024 | 29/08/2024 | 16/04/2022 | Books | ||||
| Dewey Decimal Classification | SGT Dental Library | SGT Dental Library | 18/05/2022 | Ahuja Book Co. Pvt. Ltd. | 1550.00 | SGTU | 14353 | 23 | 617.522 O18B | FD8699 | 10/12/2025 | 10/12/2025 | 16/04/2022 | Books | ||||
| Dewey Decimal Classification | SGT Dental Library | SGT Dental Library | 18/05/2022 | Ahuja Book Co. Pvt. Ltd. | 1550.00 | SGTU | 14353 | 11 | 617.522 O18B | FD8700 | 10/01/2026 | 06/01/2026 | 16/04/2022 | Books |